Statystyki dla Połączone kształty krajów

Kliknij tutaj aby rozwiązać quiz!

Ogólne statystyki

  • Ten quiz został rozwiązany 180 razy
  • Średni wynik to 21 z 32

Statystyki odpowiedzi

Country% Poprawnych
Indie
99%
Egipt
93%
Libia
90%
Meksyk
90%
Wielka Brytania
88%
Bangladesz
87%
Irlandia
87%
Chile
86%
Boliwia
82%
Gwatemala
82%
Kazachstan
79%
Jemen
77%
Oman
77%
Iran
73%
Ukraina
73%
Afganistan
70%
Mołdawia
69%
Uzbekistan
69%
Rumunia
67%
Węgry
65%
Azerbejdżan
61%
Gruzja
61%
Gwinea
46%
Wybrzeże Kości Słoniowej
44%
Kongo
42%
Botswana
36%
Gabon
36%
Zimbabwe
35%
Uganda
34%
Rwanda
32%
Gujana
27%
Surinam
27%

Rozkład punktacji

Percentyl według liczby udzielonych odpowiedzi

Procent ludzi z każdym wynikiem

Twoja historia wyników

Nie rozwiązałeś tego quizu